| 000 | 00486nam a2200169 a 4500 | ||
|---|---|---|---|
| 001 | 000026180 | ||
| 005 | 20200930024353.0 | ||
| 008 | 110223s1980 cr r 000 | spa d | ||
| 040 |
_aDO-SdBNP _bspa _cBNPHU |
||
| 082 |
_aNNN _bM211c |
||
| 100 | 1 |
_aMagon , Seud, _953187 |
|
| 245 | 1 | 0 |
_aCuentos / _cSeud Magón ; prólogo León Pacheco. |
| 260 |
_aSan José, Costa Rica : _bCosta Rica, _c1980. |
||
| 300 |
_a403 p. ; _c21 cm. |
||
| 700 | 1 |
_aPacheco, León, _epról. _953188 |
|
| 049 | _aBNGR | ||
| 999 |
_c25672 _d25672 |
||